000 00811nam a22001577a 4500
003 OSt
005 20151006163731.0
008 151006b xxu||||| |||| 00| 0 eng d
040 _cRUA
082 _aAVM TRA 2006 B076 Or.1
100 _92215
_aTRAY, KIMLAY.
245 _aThe effect of druck weed supplementation on growth rate of avian broiler at animal experimental station of royal university of agriculture, ឥទ្ធពលនៃការបន្ថែមចកបាយទា​ ទៅលើការលូតលាស់របស់មាន់សាច់AVIAN នៅស្ថានីយ៍ពិសោធន៍សត្វ នៃសាកលវិទ្យាល័យភូមិន្ទកសិកម្ម
260 _aPhnom Penh
_bRUA
_c2006
300 _a46p.
_bill.
_c29cm.
942 _2ddc
_cAVM
999 _c2088
_d2088